ARRUPE JESUIT UNIVERSITY

CORONAVIRUS -STOP THE SPREAD - CLEAN,DISINFECT,COVER

The Little way of Saint Therese of Lisieux (Record no. 124745)

MARC details
000 -LEADER
fixed length control field 00428nam a22001337a 4500
008 - FIXED-LENGTH DATA ELEMENTS--GENERAL INFORMATION
fixed length control field 160428b xxu||||| |||| 00| 0 eng d
050 ## - LIBRARY OF CONGRESS CALL NUMBER
Classification number BV5080.T54N427
100 ## - MAIN ENTRY--PERSONAL NAME
Personal name Nelson, John
9 (RLIN) 24193
245 ## - TITLE STATEMENT
Title The Little way of Saint Therese of Lisieux
Statement of responsibility, etc /John Nelson
260 ## - PUBLICATION, DISTRIBUTION, ETC. (IMPRINT)
Place of publication, distribution, etc Liguori
Name of publisher, distributor, etc Liguori Publications
Date of publication, distribution, etc 1998
300 ## - PHYSICAL DESCRIPTION
Extent xv,143p. ;
Dimensions 20cm.
600 ## - SUBJECT ADDED ENTRY--PERSONAL NAME
Personal name Therese of Lisieux,St
Titles and other words associated with a name The Little way
9 (RLIN) 24194
942 ## - ADDED ENTRY ELEMENTS (KOHA)
Source of classification or shelving scheme Library of Congress Classification
Item type Monograph ( Printed materials)
Holdings
Withdrawn status Lost status Source of classification or shelving scheme Damaged status Not for loan Collection code Home library Current library Shelving location Date acquired Total Checkouts Full call number Barcode Date last seen Price effective from Koha item type
    Library of Congress Classification     Main Collection ARRUPE LIBRARY ARRUPE LIBRARY Main Collection 28/04/2016   BV5080.T54N427 46500006457 24/01/2017 28/04/2016 Monograph ( Printed materials)

 

Arrupe Library. PO Box MP320 Mt Pleasant, Harare, Zimbabwe
263 242 745411|librarian@aju.ac.zw